Mots de la langue française terminés par "din" - Statistiques

Statistiques générales
  • Ce quiz a été pris 189 fois
  • Le résultat moyen est 12 sur 24
Statistiques - réponses
Indice Mot % Correct
.... et la lampe merveilleuse Aladin
97%
avare (familier) radin
90%
charcuterie boudin
74%
insignifiant anodin
72%
urbain citadin
71%
potager jardin
69%
trique gourdin
64%
dieu de la mythologie nordique Odin
64%
chute (familier) gadin
61%
rongeur ragondin
61%
morceau de bois rondin
58%
relatif à une montagne andin
55%
bandit gredin
54%
comédien ambulant baladin
52%
.... de Bordeaux girondin
51%
plaisant badin
32%
inspecteur .... Lavardin
32%
marche gradin
27%
chevalier errant paladin
27%
huile essentielle lavandin
24%
poisson grondin
21%
écrivain prénommé Antoine alias Tenorio Blondin
13%
dandy muscadin
0%
oiseau ou rivière du Cher verdin
0%
Aucun quiz correspondant
Distribution des résultats
% des personnes avec chaque résultat
Percentile par nombre de réponses
Votre historique - résultats
Vous n’avez pas pris ce quiz